| 000 | 00764nam a2200217Ia 4500 | ||
|---|---|---|---|
| 003 | OSt | ||
| 005 | 20220925210401.0 | ||
| 006 | a|||||r|||| 00| 0 | ||
| 007 | ta | ||
| 008 | 220923b |||||||| |||| 00| 0 eng d | ||
| 037 | _cGeneral Book | ||
| 040 |
_aRTL _cRTL _beng |
||
| 041 |
_2eng _aeng |
||
| 082 | _aY:5.2sN71, L4.1 | ||
| 100 | _aCENSUS OF India, 1971 | ||
| 245 | 0 |
_aMiscellaneous studies paper 1 of 1974 _b Report on resurvey on economic questions--some results India |
|
| 260 |
_aIndia _bGovt. press _c1971 |
||
| 490 | _vV! India. Miscellaneous studies paper 1 of 1974 . Report on resurvey on economic questions-some-results. | ||
| 942 |
_hY:5.2sN71, L4.1 _cGB _2CC |
||
| 999 |
_c554929 _d554929 |
||